00440nam a22001577a 450000500170000001000130001702000260003003500130005603700090006908200080007810000200008624500390010626000470014527000620019230000280025420210622124456.0 aB-740262 a9780195699944c265.00 aB-740262 bGift a882 aKarnad, Girish  aWedding album /cby Girish Karnad  aNew Delhi bOxford University Press c2009 aYMCA Library Building, Jai Singh Road,bNew Delhie110001 axvii, 93p. c22cm(pbk)